000 00466 a2200169 4500
003 Nust
005 20251015132730.0
040 _cNust
082 _a621.382
100 _aMaj Bari (TE-29)
_9131165
245 _aDesign project: setting up a microprocessor lab /
_cMaj Bari, Capt Tariq, Capt Azeem, Capt Aamir and Capt Nasir.
260 _aUET,Lahore
_bMCS
_c1996
300 _a48 p.
650 _aUG Projects
_998716
651 _aTE-29
_9131166
942 _2ddc
_cPR
999 _c182127
_d182127